Investigating the impact of economic reforms on the construction cost management system in China (Record no. 113731)

MARC details
000 -LEADER
fixed length control field 01400cad a22002295a 4500
001 - CONTROL NUMBER
control field L155654
008 - FIXED-LENGTH DATA ELEMENTS--GENERAL INFORMATION
fixed length control field 120330s2012 xxk ofs 000 0 eng d
020 ## - INTERNATIONAL STANDARD BOOK NUMBER
International Standard Book Number 9781842198377
035 ## - SYSTEM CONTROL NUMBER
System control number (Sirsi) u155654
041 0# - LANGUAGE CODE
Language code of text/sound track or separate title eng
110 2# - MAIN ENTRY--CORPORATE NAME
Corporate name or jurisdiction name as entry element Royal Institution of Chartered Surveyors
9 (RLIN) 4900
245 00 - TITLE STATEMENT
Title Investigating the impact of economic reforms on the construction cost management system in China
Remainder of title full report
Medium [electronic resource]
260 ## - PUBLICATION, DISTRIBUTION, ETC.
Place of publication, distribution, etc. London
Name of publisher, distributor, etc. RICS
Date of publication, distribution, etc. 2012
300 ## - PHYSICAL DESCRIPTION
Extent 60 p.
Other physical details col. ill.
Dimensions 30 cm.
490 ## - SERIES STATEMENT
Series statement RICS Research Paper Series
505 2# - FORMATTED CONTENTS NOTE
Formatted contents note Introduction -- Economic and Industry Reforms -- Cost Management Reforms -- Case Studies and Analyses -- Conclusion and Recommendations -- Acknowledgements -- Bibliography and References -- List of Tables -- List of Figures
520 ## - SUMMARY, ETC.
Summary, etc. This report examines the impact that these reforms have had on cost management practices in the Chinese construction industry. The methodology for this report comprises an extensive literature review and data collection. Data collection involved an industry survey in Tianjin and Beijing in 2008, project case studies in Beijing in 2009 and the analysis of current project cost management documentation.
651 #4 - SUBJECT ADDED ENTRY--GEOGRAPHIC NAME
Geographic name China
690 ## - LOCAL SUBJECT ADDED ENTRY--TOPICAL TERM (OCLC, RLIN)
Topical term or geographic name as entry element Construction management
9 (RLIN) 6230
856 40 - ELECTRONIC LOCATION AND ACCESS
Uniform Resource Identifier <a href="https://www.rics.org/Global/China_CMS_280312_dwl_aj.pdf">https://www.rics.org/Global/China_CMS_280312_dwl_aj.pdf</a>
Public note View for free online at www.rics.org
942 ## - ADDED ENTRY ELEMENTS (KOHA)
Suppress in OPAC 0
Holdings
Withdrawn status Lost status Source of classification or shelving scheme Damaged status Not for loan Home library Current library Shelving location Date acquired Total Checkouts Full call number Barcode Date last seen Copy number Price effective from Koha item type
    Dewey Decimal Classification     Virtual Virtual Online 30/03/2012   ONLINE PUBLICATION 155654-2001 06/08/2019 1 06/08/2019 Book